MDQL
is popping MORE tags! Check the
thread
!
Quizzes
Events
Quiz Creation
Community
Videos
Private Events
Remove Ads
Sign In
Join for FREE
Feedback
Dark Mode
Quiz Categories
Sports
Geography
Music
Movies
Television
Just For Fun
Miscellaneous
History
Literature
Language
Science
Gaming
Entertainment
Religion
Holiday
For Kids
Quiz Lab
Recent
Popular Today
Quiz Kudos Today
Editor Picks
Curator Picks
Quizzes by...
Day
Popularity
Type
Ratings
Length
Year
Community
Subscriptions
Recent Discussions
Orange Saloon
Badges
Playlists
Quests
Create
Leaderboards
Showdown
Live 5
Trivia Bingo
Activity
Puzzle Library
Sporcle Events
Private Events
Virtual Trivia
Globe League
Become a Host
Pub Owners
SporcleCon
Opinionation
Our Games
Videos
Blog
Mobile Apps
Partnerships
Remove Ads and Go Orange
Feedback
Entertainment
Celebrity
Famous
Musical
Broadway
Show
Quote
Comic Books
Anime
Superhero
DC Comics
Marvel
Cartoons
Animation
Entertainment
Celebrity
Famous
Musical
Broadway
Show
Quote
Comic Books
Anime
Superhero
DC Comics
Marvel
Cartoons
Animation
Random Quiz
Search Sporcle
×
Quiz Lab
Quiz Lab
Entertainment
Baby
Type in answers that appear in a list
Type in answers that appear in a list
Classic
Best Score? Go Orange.
Can you name the babies from MTV's 16 & Pregnant? Stats
Can you name the babies from MTV's 16 & Pregnant? ?
By
mountaineergirl
3m
35 Questions
278 Plays
278 Plays
278 Plays
Comments
Comments
Give Quiz Kudos
Give Quiz Kudos
-
- Ratings
hide this ad
Random Order
Randomize order of answers
Randomize order of answers
Replay
Link that replays current quiz
Next Quiz
Link to next quiz in quiz playlist
You Got
0%
They Got
Avg Score
52%
Avg Friend Score
Upgrade to see
Score Distribution
Jump to the score distribution portion of the page
Score
0/35
Timer
03:00
0
Plays Today
Parents Names
Baby Name
% Correct
Maci Bookout and Ryan Edwards
Bentley
77.7%
Farrah Abraham and Derek Underwood
Sophia
77.7%
Amber Portwood and Gary Shirley
Leah
77.3%
Catelynn Lowell and Tyler Baltierra
Carly
75.9%
Jenelle Evans and Andrew Lewis
Jace
75.9%
Chelsea Houska and Adam Lind
Aubree
70.5%
Kailyn Lowry and Jo Rivera
Isaac
62.2%
Jordan Ward and Brian Finder
Noah
61.2%
Whitney Purvis and Weston Gosa
Weston
54.7%
Lizzie Waller and Skylar Sickles
Summer
54.3%
Nikkole Paulun and Josh Drummonds
Lyle
52.9%
Valerie Fairman and Matt
Nevaeh
52.5%
Nicole Fokos and Tyler Keller
Brooklyn
51.1%
Danielle Cunningham and Jamie Alderman
Jamie
50.7%
Ashley Salazar and Justin Lane
Callie
50%
Brooke Smitherman and Cody Tarrant
Brody
48.9%
Jamie McKay and Ryan McElrath
Miah
48.9%
Emily McKenzie and Daniel Peterson
Liam
48.6%
Parents Names
Baby Name
% Correct
Christinna Cook and Isiah Robinson
Destiny
47.1%
Taylor Lumas and Nathan Bridewell
Aubri
46.4%
Ebony Jackson and Josh Rendon
Jocelyn
45%
Jennifer Del Rio and Josh Smith
Joshua & Noah
45%
Izabella Tovar and Jairo Rodriguez
Enrique
45%
Kayla Jackson and Mike Schwing
Preston
44.6%
Megan McConnell and Nathan Stone
Blake
44.2%
Kianna Randall and Zak Hegab
Kay'den
44.2%
Lori Wickelhaus and Cory
Aidan
43.9%
Felicia Cooke and Alex Gutierrez
Genesis
43.5%
Samantha Hernandez and Eric Salinas
Jordynn
42.8%
Allie Mendoza and Joey Aranzeta
Aydenn
41.7%
Cleondra Carter and Mario Escovedo
Kylee
41.4%
Aubrey Wolters and Brandon Akerill
Austin
39.2%
Kayla Jordan and JR Davis
Rylan
39.2%
Leah Messer and Corey Simms
Aleeah & Aliannah
38.8%
Markai Durham and James Worsham
Za'Karia
37.8%
Quiz Playlist
Details
Report
Send in Message
Add To Playlist
Classic:
Type in answers that appear in a list
Random Order:
Randomize order of answers
Last Updated: Feb 16, 2017
Quiz Scoreboard
CHALLENGE
Sign Up to Join the Scoreboard
Show All
Scores
Hide
Comments
May contain spoilers
Recently Published
Two Season TV Shows II
by 123Four
Television
10m
Image Sorting: Flags VI
by Barbecue
Geography
2m
Find the 'City' Movie
by crazypaving
Movies
60s
More to Explore
Quiz From the Vault
Featured Blog Post
14 Easter Pick-up Lines to Find Eggs With
hide this ad
You Might Also Like...
Tags
Baby
location
MTV
parent
Today's Top Quizzes in Entertainment
Browse Entertainment
hide this ad
Today's Top Quizzes in Baby
Browse Baby
Top Contributed Quizzes in Entertainment
1
Marvel Classic Character Map
2
Dragon Ball Z: Goku's Fights in Order
3
Movie-Themed Roller Coasters
4
Marvel Characters Bunker
5
Who stole Onew's chicken? (KPOP LOGIC QUIZ)
6
Sorting Pictures: Villains
7
JoJo's Bizarre Logic Quiz
8
Harry Styles-Are you no.1 fan
9
Celebrity Spelling Bee
10
This is Your Life: Edward Elric
Explore More
Trending Topics
NBA
Harry Potter
Anime
Disney
Marvel
Crossword
Kpop
WWE
Pokémon
Song
Country
Soccer
NFL
Puzzle
The Office
hide this ad
More By:
mountaineergirl
Quiz
Plays
Rating
Category
Featured
Created
Can you name the babies from MTV's 16 & Pregnant?
278
3.50
Entertainment
Sep 3, 2011
Fathers from 16 & Pregnant
133
5.00
Entertainment
Oct 2, 2011
Go to Creator's Profile
Score Distribution
Quiz Creator Spotlight
mountaineergirl
Follow
Send a Message
Quizzes Created
-
Created Quiz Play Count
-
More By This Creator
Popular Quizzes Today
1
Find the US States - No Outlines Minefield
2
Colored Red Africa Blitz
3
Find the 'City' Movie
4
5x2 Blitz: Bands
5
The Countries of the World
6
Find the Countries of Europe - No Outlines Minefield
7
Find the US States
8
US States
More Entertainment Quizzes
Celebrities at Wimbledon
Published
Trending Quizzes
Colored Red Europe Blitz I
Colored Red Africa Blitz II
Colored Red Europe Blitz II
Colored Red Africa Blitz III
Even More Two Season TV Shows
Recently Updated
March Madness Men's Triple Doubles
pecheneg
How Do You Spell That?
pecheneg
Godzilla Movies
pecheneg
Grab Bag: 4-10 Letters
pecheneg
2024 March Madness Bracket
pecheneg
Famous TV Couples
Peacemaker
Champions League XIs: Real Madrid
pecheneg
Largest US Cities 1790-2010
pecheneg
Rides in Walt Disney World
pecheneg
Most Oscar Losses (Acting)
pecheneg
Trending Topics
Harry Potter
Marvel
Kpop
Disney
Anime
Crossword
NBA
Song
Soccer
Pokémon
The Office
Puzzle
NFL
Country
WWE
Your Account Isn't Verified!
In order to create a playlist on Sporcle, you need to verify the email address you used during registration. Go to your
Sporcle Settings
to finish the process.
Report this User
Report this user for behavior that violates our
Community Guidelines
.
Details:
Send Report
Go to the Sporcle.com Mobile Site →
Comments